Manifiesto, que Manuel Gómez Pedraza, ciudadano de la república de Mejico, dedica a sus compatriotas; osea una reseña de su vida pública (Record no. 3505)

MARC details
000 -CABECERA
campo de control de longitud fija 00674nam a2200205 a 4500
001 - NÚMERO DE CONTROL
campo de control BRCA_3776
005 - FECHA Y HORA DE LA ÚLTIMA TRANSACCIÓN
campo de control 20190320204424.0
008 - DATOS DE LONGITUD FIJA--INFORMACIÓN GENERAL
campo de control de longitud fija 071109s1831----u--#---###---#000-0#spa-#
041 ## - CÓDIGO DE LENGUA
Código de lengua del texto/banda sonora o título independiente spa
044 ## - CÓDIGO DEL PAÍS DE LA ENTIDAD EDITORA/PRODUCTORA
Código MARC del país u
050 #4 - SIGNATURA TOPOGRÁFICA DE LA BIBLIOTECA DEL CONGRESO
Número de clasificación F1232
Número de documento/Ítem .G66 1831
100 1# - ENTRADA PRINCIPAL--NOMBRE DE PERSONA
Nombre de persona Gómez Pedraza, Manuel
Fechas asociadas al nombre 1789-1851.
9 (RLIN) 9846
245 10 - MENCIÓN DE TÍTULO
Título Manifiesto, que Manuel Gómez Pedraza, ciudadano de la república de Mejico, dedica a sus compatriotas; osea una reseña de su vida pública
Mención de responsabilidad, etc. Manuel Gómez Pedraza.
260 ## - PUBLICACIÓN, DISTRIBUCIÓN, ETC.
Lugar de publicación, distribución, etc. Nueva-Orleans, Louisiana
Nombre del editor, distribuidor, etc. B. Levy
Fecha de publicación, distribución, etc. 1831
300 ## - DESCRIPCIÓN FÍSICA
Extensión 129 p.
Otras características físicas il.
Dimensiones 24 cm.
500 ## - NOTA GENERAL
Nota general B135.
651 #4 - PUNTO DE ACCESO ADICIONAL DE MATERIA--NOMBRE GEOGRÁFICO
Nombre geográfico México
Subdivisión general Historia
Subdivisión cronológica 1821-1861.
9 (RLIN) 618
902 ## - CATALOGADOR
Iniciales GFM
942 ## - ELEMENTOS DE PUNTO DE ACCESO ADICIONAL (KOHA)
Fuente del sistema de clasificación o colocación Library of Congress Classification
Tipo de ítem Koha Libros
Holdings
Estado de retiro Estado de pérdida Estado dañado No para préstamo Localización permanente Ubicación/localización actual Fecha de adquisición Número de inventario Total de préstamos Signatura topográfica completa Código de barras Fecha visto por última vez Precio válido a partir de Tipo de ítem Koha
El ejemplar forma parte de la colección y puede ser consultado según las políticas vigentes.       Biblioteca del Museo Franz Mayer (Rogerio Casas-Alatriste) Biblioteca del Museo Franz Mayer (Rogerio Casas-Alatriste) 07/11/2009 B135.   F1232 .G66 1831 (B135.) 3773 22/03/2019 22/03/2019 Libros